00785cam a2200229 a 450000100100000000500170001000800410002702000150006804000180008308200180010110000400011924500380015926000350019730000210023249000320025365000290028565000310031483000400034591000340038595201210041999900150054000000545220200929151702.0930503s1992 sp 000 p spa  a8475222714 aDO-SdBNPcDLC a861.64bB191t1 aBallesteros, Rafael,d1938-?91549310aTestamenta /cRafael Ballesteros. aMadrid :bVisor Libros,c1992. a135 p. ;c20 cm.1 aVisor de poesíasvno. 271 4aPoesía española9631 4aLiteratura española9632 0aVisor de poesías;vno. 271915494 aCatalogación por copia / LC 001052708MOaGRbGRcCTd2009-08-19iLF1l0o861.64 B191tp5452-10r2020-06-25w2020-06-25y2ZPréstamo interno c5252d5252